Niên giám 2000
v.v...
Đã lưu trong:
| Tác giả chính: | |
|---|---|
| Định dạng: | Sách |
| Năm xuất bản: |
H.
Chính trị quốc gia
2001
|
| Chủ đề: | |
| Tags: |
Thêm thẻ
Không có thẻ, Hãy là người đầu tiên gắn thẻ bản ghi này!
|
| LEADER | 00689nam a2200181 4500 | ||
|---|---|---|---|
| 999 | |c 10871 |d 10871 | ||
| 082 | |a 039.9597 |b N305gi | ||
| 100 | |a Tạ Hữu Ánh | ||
| 245 | |a Niên giám 2000 |c Tạ Hữu Ánh, Nguyễn Đình Tân, Dương Đức Quảng,... | ||
| 260 | |a H. |b Chính trị quốc gia |c 2001 | ||
| 300 | |a 1190 tr. |c 27 cm. | ||
| 500 | |a Đầu trang tên sách ghi: Chính phủ nước CHXHCN Việt Nam | ||
| 520 | |a v.v... | ||
| 653 | |a Niêm giám | ||
| 653 | |a Việt Nam | ||
| 653 | |a Bách khoa toàn thư | ||
| 942 | |2 ddc |c SH | ||
| 952 | |0 0 |1 0 |2 ddc |4 0 |6 039_959700000000000_N305GI |7 0 |8 000 |9 93666 |a qbu |b qbu |c D2 |d 2015-09-14 |g 330000 |o 039.9597 N305gi |p 10795.c1 |r 0000-00-00 |w 2015-09-14 |y SH | ||